🏫Devine l'objet scolaire - Statistiques

Statistiques générales
  • Ce quiz a été pris 81 fois
  • Le résultat moyen est 10 sur 16
Statistiques - réponses
Description Objet % Correct
Ce petit objet, généralement en bois ou en métal, était utilisé pour affûter les mines des crayons afin qu'elles restent pointues. Le taille-crayon
95%
On le trouvait souvent au fond du sac à dos ou dans la trousse. Il permettait de mesurer des lignes droites et d'être le parfait complice du crayon. La règle
91%
C'était un grand rectangle, souvent noir ou vert, sur lequel l'enseignant écrivait à la craie pour expliquer les leçons. Il était régulièrement effacé avec une brosse. Le tableau noir
89%
Autrefois en bois ou en métal, il permettait de dessiner des cercles parfaits. Il était souvent accompagné d'une mine ou d'un petit crayon. Le compas
88%
Pour les travaux manuels, il était indispensable pour découper le papier. Il fallait faire attention à ne pas se couper les doigts avec ses deux lames. Les ciseaux
85%
Cet instrument de musique est souvent le premier appris à l'école, léger et facile à transporter. Il est associé aux cours de musique pour enfants. La flûte à bec
81%
Avant les téléphones portables et les ordinateurs, cet outil était essentiel en cours de géographie pour visualiser le monde et ses pays. On pouvait le faire tourner sur lui-même. Le globe terrestre
78%
Cet outil permettait de mesurer des angles avec précision. Il était souvent transparent et gradué en degrés. Le rapporteur
78%
Cet accessoire était indispensable avant l'arrivée du stylo-bille. On le trempait dans un encrier pour écrire, et il fallait faire attention aux taches ! La plume
77%
Bien avant les stylos-bille et les feutres, c'était un liquide que l'on utilisait avec une plume pour écrire. Il était souvent bleu ou noir. L'encre
70%
Allant de 1 à 8 et de la terre vers le ciel on sautait dessus et l'on y jetait un palet. La marelle
62%
Pour protéger les livres neufs ou les manuels scolaires, on les recouvrait souvent avec cet adhésif transparent. L'opération était parfois délicate pour éviter les bulles ! Le protège-cahier
46%
Cette grande armoire ou ce meuble était indispensable en classe pour ranger les cahiers, les livres et parfois les petits trésors des élèves. Le casier
35%
C'était une sorte de petite boîte ou de cylindre, souvent en bois ou en métal, que les écoliers emportaient à l'école pour y mettre leur repas de midi. La boîte à goûter ou le lunchbox
24%
Avant les vidéoprojecteurs, cet appareil projetait des images fixes sur un écran, souvent des schémas, des cartes ou des photos, pour toute la classe. Il était parfois un peu bruyant. Le rétroprojecteur
20%
Avant les calculatrices électroniques, cet outil permettait de réaliser des opérations complexes (multiplications, divisions, racines carrées) en faisant glisser des réglettes. Il était populaire chez les scientifiques et ingénieurs. Règle à calcul
1%
Aucun quiz correspondant
Distribution des résultats
% des personnes avec chaque résultat
Percentile par nombre de réponses
Votre historique - résultats
Vous n’avez pas pris ce quiz